00599 2200229 4500001002100000005001700021020001800038035002500056040001200081082002000093084002000113090002400133100002000157245005400177250001000231260003400241260003400275300001900309650001300328850001200341990001600353YOGYA00000000003894320150618144813.0 a979-1273-16-2 a0010-081400000038661 aYOPDYOG a297.57703 Tha E a297.57703 Tha E aDep 297.57703 Tha E aMuhammad Thalib aEnsiklopedi Keluarga Sakinah 06cThalib, Muhammad aCet 1 aYogyakartabPro-U Mediac2008 aYogyakartabPro U Mediac2008 a309 hlmc24 cm aKeluarga aYOPDYOG a589-KS/B.09